Most Visited Cities on Each Continent - Statistics

General Stats
  • This quiz has been taken 225 times
  • The average score is 22 of 34
Answer Stats
Continent # Answer % Correct
Europe 2 London
95%
North America 1 New York City
95%
Europe 3 Paris
95%
North America 5 Los Angeles
93%
Europe 5 Rome
90%
Oceania 1 Sydney
88%
Asia 2 Istanbul
87%
Europe 1 Istanbul
87%
South America 3 Rio de Janeiro
87%
South America 1 Buenos Aires
86%
Oceania 2 Melbourne
84%
North America 3 Miami
84%
South America 4 São Paulo
81%
Africa 4 Cape Town
80%
South America 2 Lima
79%
Oceania 3 Auckland
77%
Asia 1 Bangkok
77%
Asia 6 Dubai
77%
South America 5 Bogota
76%
Africa 1 Johannesburg
72%
Asia 3 Hong Kong
67%
Africa 5 Casablanca
66%
Africa 2 Marrakesh
53%
North America 4 Las Vegas
52%
North America 6 Orlando
44%
Europe 6 Prague
40%
North America 2 Cancún
38%
Asia 4 Mecca
38%
Africa 6 Durban
31%
South America 6 Montevideo
29%
Oceania 4 Honolulu
22%
Asia 5 Antalya
16%
Africa 3 Hurghada
9%
Europe 4 Palma de Mallorca
7%
No matching quizzes found
Score Distribution
Percent of People with Each Score
Percentile by Number Answered
Your Score History
You have not taken this quiz